| 000 | 01248nam a2200229Ia 4500 | ||
|---|---|---|---|
| 003 | Ost | ||
| 005 | 20260507075111.0 | ||
| 008 | 260507s9999||||xx |||||||||||||| ||und|| | ||
| 020 | _a9960243869 | ||
| 040 | _cfsecg | ||
| 041 | _aara | ||
| 082 | _a658 | ||
| 100 |
_aأحمد ، أحمد عبد الرحمن _eمؤلف |
||
| 245 | 0 |
_aمدخل إلى إدارة الاعمال الدولية / _c أحمد عبد الرحمن أحمد |
|
| 250 | _aطبعة 2 | ||
| 260 |
_aالرياض: _bدار المريخ للنشر, _c2001 |
||
| 300 |
_a462 صفحة؛ _bإيضاحات ؛ _c24 سم |
||
| 504 | _a مراجع ص.437 | ||
| 520 | _a خلفيات اقتصادية -إدارة الأعمال الدولية-نظرية التجارة الخارجية-نظريات الاستثمارالخارجي-ميزان المدفوعات-الاستثمار الأجنبي-بيئة إدارة الأعمال الدولية-تنظيم ووظائف الأعمال الدولية-التخطيط الاستراتيجي الدولي-التسويق الدولي-الادارة المالية-ادارة الموارد البشرية- التصدير و الانتاج و ايجاد المصادر. | ||
| 653 | _aإدارة الأعمال | ||
| 942 | _cكتاب | ||
| 999 |
_c42915 _d42915 |
||